000 00271nam a2200109Ia 4500
005 20251222154402.0
008 251222s9999||||xx |||||||||||||| ||spa||
082 _a869.26/C78I
100 _a"Cortázar, Julio"
245 0 _aLa isla a mediodia y otros relatos
942 _cLIB
999 _c35339
_d35339